| 000 | 00468nam a22001817a 4500 | ||
|---|---|---|---|
| 005 | 20260604122433.0 | ||
| 008 | 260604b |||||||| |||| 00| 0 eng d | ||
| 020 |
_a9789352020348 _c550.00 |
||
| 040 | _aMAIN | ||
| 041 | _aEnglish | ||
| 082 |
_a338.1 _bBIL |
||
| 100 |
_aBilgrami, S. A. R. _927011 |
||
| 245 | _aIntroduction to Agricultural Economics | ||
| 260 |
_aMumbai _bHimalaya _c2026 |
||
| 300 | _a327 | ||
| 650 |
_aEconomics (PM USHA) _926774 |
||
| 942 | _cBK | ||
| 999 |
_c60998 _d60998 |
||